000 00425nam a2200181Ia 4500
003 0STCL
008 150530s9999 xx 000 0 und d
040 _aSTCL
_cSTCL
100 _aDavid Beetham
245 _aDemocracy : A beginners guide
250 _a1
260 _bOxford university press;England
_c2006
_aEngland
300 _a0
546 _aEnglish
942 _2ddc
_cBK
999 _c7276
_d7276
005 20220125165447.0